| 000 | 00491nam a22001577a 4500 | ||
|---|---|---|---|
| 003 | NUST | ||
| 038 | _aSaima | ||
| 082 | _a621.3 | ||
| 100 |
_aIqbal, Nadia _935246 |
||
| 245 | _aApplication of Compressive Sensing for Efficient Spectrum Sensing and Detection Using Cognitive Radio / | ||
| 260 |
_aIslamabad : _bMCS _c2014 |
||
| 300 |
_a84 p. ; _c30cm. |
||
| 650 |
_aElectrical Engineering-Application of Compressive Sensing _935247 |
||
| 700 |
_aDr. Abdul Ghafoor _916207 |
||
| 942 |
_2ddc _cTHE |
||
| 999 |
_c540940 _d540940 |
||